[Event "CZE-ch U16 Girls"]
[White "Maresova, Michaela"]
[Black "Zilava, Anezka"]
[Site "Kouty nad Desnou"]
[Round "6"]
[Result "1/2-1/2"]
[Date "2020.03.11"]
[WhiteElo "1422"]
[BlackElo "1224"]
[PlyCount "60"]
[EventDate "2020.03.07"]
[EventType "swiss"]
[EventRounds "7"]
[EventCountry "CZE"]
[SourceTitle "CBM 195 Extra"]
[Source "ChessBase"]
[SourceDate "2020.05.31"]
[SourceVersion "1"]
[SourceVersionDate "2020.05.31"]
[SourceQuality "1"]

1. e4 e5 2. d4 exd4 3. Nf3 Bc5 4. Bc4 d5 5. exd5 Qe7+ 6. Qe2 Qxe2+ 7. Bxe2 Nf6 8. c3 dxc3 9. Nxc3 0-0 10. 0-0 Bg4 11. h3 Bh5 12. g4 Bg6 13. Bf4 c6 14. dxc6 Nxc6 15. a3 Nd4 16. Nxd4 Bxd4 17. Bf3 Bxc3 18. bxc3 Be4 19. Bxe4 Nxe4 20. Rac1 Rac8 21. Be5 Nd2 22. Bd6 Rfd8 23. Be7 Re8 24. Rfd1 Rxe7 25. Rxd2 Rec7 26. Rd3 Kf8 27. Re3 Re7 28. Rce1 Rxe3 29. Rxe3 Re8 30. Rxe8+ Kxe8 1/2-1/2

[Event "CZE-ch U12 Girls"]
[White "Maresova, Michaela"]
[Black "Lhotska, Anna"]
[Site "Kouty nad Desnou"]
[Round "6"]
[Result "1/2-1/2"]
[Date "2017.03.15"]
[WhiteElo "1335"]
[BlackElo "1518"]
[PlyCount "77"]
[EventDate "2017.03.11"]
[EventType "swiss"]
[EventRounds "9"]
[EventCountry "CZE"]
[SourceTitle "CBM 177 Extra"]
[Source "ChessBase"]
[SourceDate "2017.04.27"]
[SourceVersion "1"]
[SourceVersionDate "2017.04.27"]
[SourceQuality "1"]

1. e4 c5 2. c3 d5 3. exd5 Qxd5 4. d4 Nf6 5. Nf3 g6 6. Na3 cxd4 7. Qxd4 Qxd4 8. Nxd4 a6 9. Bc4 Bg7 10. 0-0 0-0 11. Re1 e6 12. Bf4 Bd7 13. Rad1 Nc6 14. Nac2 Rfe8 15. Nxc6 Bxc6 16. Nb4 Nd5 17. Nxc6 Nxf4 18. Nb4 Rad8 19. g3 a5 20. Nc2 Nh5 21. Ne3 Nf6 22. Rxd8 Rxd8 23. Rd1 Rxd1+ 24. Nxd1 Kf8 25. f3 Ke7 26. Kf2 Kd6 27. Ke3 Kc5 28. Bb3 b5 29. a4 bxa4 30. Bxa4 Kc4 31. Kd2 Bh6+ 32. Kc2 Nd5 33. b3+ Kc5 34. c4 Nb4+ 35. Kc3 Bg7+ 36. Kd2 Kd4 37. f4 Ke4 38. Ke2 Bd4 39. Nf2+ 1/2-1/2

[Event "EU-ch U12 Girls 26th"]
[White "Maresova, Michaela"]
[Black "Korenova, Simona"]
[Site "Prague"]
[Round "7"]
[Result "0-1"]
[Date "2016.08.25"]
[WhiteElo "1430"]
[BlackElo "1612"]
[PlyCount "52"]
[EventDate "2016.08.18"]
[EventType "swiss"]
[EventRounds "9"]
[EventCountry "CZE"]
[SourceTitle "CBM 174 Extra"]
[Source "ChessBase"]
[SourceDate "2016.10.10"]
[SourceVersion "1"]
[SourceVersionDate "2016.10.10"]
[SourceQuality "1"]

1. d4 d5 2. c4 c6 3. Nf3 Nf6 4. Nc3 Bf5 5. Qb3 b6 6. Ne5 e6 7. cxd5 exd5 8. Bg5 Be7 9. Bxf6 Bxf6 10. e4 Bxe5 11. dxe5 dxe4 12. Bc4 Qe7 13. 0-0 b5 14. Be2 Qxe5 15. Rfd1 0-0 16. Rac1 Nd7 17. f3 Nc5 18. Qb4 a5 19. Qd4 Qxd4+ 20. Rxd4 exf3 21. Bxf3 Nd3 22. Rd1 Nxb2 23. R1d2 Nc4 24. Rd1 Rac8 25. a4 c5 26. Rd5 Ne3 0-1

[Event "CZE-ch U10 Girls"]
[White "Maresova, Michaela"]
[Black "Stastna, Martina"]
[Site "Kouty nad Desnou"]
[Round "7"]
[Result "0-1"]
[Date "2015.03.12"]
[WhiteElo "1559"]
[BlackElo "1304"]
[PlyCount "68"]
[EventDate "2015.03.07"]
[EventType "swiss"]
[EventRounds "9"]
[EventCountry "CZE"]
[SourceTitle "EXT 2017"]
[Source "ChessBase"]
[SourceDate "2016.10.25"]
[SourceVersion "1"]
[SourceVersionDate "2016.10.25"]
[SourceQuality "1"]

1. e4 e5 2. Nf3 Nf6 3. Nc3 Nc6 4. d4 exd4 5. Nxd4 Bb4 6. Nxc6 bxc6 7. Bd3 d5 8. exd5 cxd5 9. 0-0 0-0 10. h3 c6 11. Ne2 Be6 12. Ng3 Qd6 13. c3 Bc5 14. b4 Bb6 15. a4 Qxg3 16. a5 Bxh3 17. Qf3 Qxf3 18. gxf3 Bxf1 19. Kxf1 Bc7 20. Bg5 h6 21. Be3 g6 22. Bxh6 Rfe8 23. Kg2 Kh7 24. Rh1 Kg8 25. Bg5 Nh5 26. c4 dxc4 27. Bxc4 Nf4+ 28. Kg3 Ne6+ 29. Kg4 Nxg5 30. Kxg5 Kg7 31. Rd1 Rad8 32. Rc1 Re5+ 33. Kh4 Rh5+ 34. Kg4 Rd4+ 0-1

[Event "CZE-ch U10 Girls"]
[White "Maresova, Michaela"]
[Black "Michalkova, Viktorie Nela"]
[Site "Kouty nad Desnou"]
[Round "1"]
[Result "1-0"]
[Date "2015.03.07"]
[WhiteElo "1559"]
[BlackElo "1100"]
[PlyCount "53"]
[EventDate "2015.03.07"]
[EventType "swiss"]
[EventRounds "9"]
[EventCountry "CZE"]
[SourceTitle "EXT 2017"]
[Source "ChessBase"]
[SourceDate "2016.10.25"]
[SourceVersion "1"]
[SourceVersionDate "2016.10.25"]
[SourceQuality "1"]

1. e4 e5 2. Nf3 Nc6 3. d4 exd4 4. Bc4 Nf6 5. 0-0 d5 6. exd5 Nxd5 7. Bxd5 Qxd5 8. Nc3 Qd8 9. Ne4 Bd6 10. Nxd6+ Qxd6 11. Re1+ Be6 12. c3 d3 13. Re3 0-0-0 14. Ng5 Bf5 15. Nxf7 Qg6 16. Nxh8 Rxh8 17. Rg3 Qd6 18. Rxg7 Qe5 19. Rg3 Ne7 20. Bh6 Rg8 21. Rxg8+ Nxg8 22. Bg5 Qg7 23. Bh4 Bh3 24. g3 Qd7 25. Qf3 Bg4 26. Qf8+ Qd8 27. Qxd8# 1-0

[Event "CZE-ch U10 Girls"]
[White "Stastna, Martina"]
[Black "Maresova, Michaela"]
[Site "Kouty nad Desnou"]
[Round "9"]
[Result "1/2-1/2"]
[Date "2014.03.15"]
[WhiteElo "1119"]
[BlackElo "1202"]
[PlyCount "64"]
[EventDate "2014.03.08"]
[EventType "swiss"]
[EventRounds "9"]
[EventCountry "CZE"]
[SourceTitle "EXT 2015"]
[Source "ChessBase"]
[SourceDate "2014.11.20"]
[SourceVersion "1"]
[SourceVersionDate "2014.11.20"]
[SourceQuality "1"]

1. e4 e5 2. Nf3 Nc6 3. Bc4 Nf6 4. d3 Bc5 5. Nc3 d6 6. Bg5 h6 7. Bh4 g5 8. Bg3 Bg4 9. h3 Bh5 10. Bh2 g4 11. Bg3 gxf3 12. gxf3 Qd7 13. Qd2 Bxf3 14. Rg1 Qxh3 15. Ne2 Rg8 16. 0-0-0 Rg7 17. Rge1 Nd4 18. Ng1 Qh5 19. Qa5 Bxd1 20. Rxd1 Rc8 21. Qa4+ c6 22. c3 b5 23. Qa6 Rc7 24. cxd4 Bxd4 25. Bb3 Ng4 26. Kb1 Bxf2 27. Rc1 Bxg3 28. Rxc6 Rxc6 29. Qxc6+ Ke7 30. Qc7+ Kf6 31. Qxd6+ Kg5 32. Bd1 Qh1 1/2-1/2

[Event "CZE-ch U10 Girls"]
[White "Maresova, Michaela"]
[Black "Szuscikova, Natalie"]
[Site "Kouty nad Desnou"]
[Round "7"]
[Result "1-0"]
[Date "2014.03.13"]
[WhiteElo "1202"]
[BlackElo "1223"]
[PlyCount "113"]
[EventDate "2014.03.08"]
[EventType "swiss"]
[EventRounds "9"]
[EventCountry "CZE"]
[SourceTitle "EXT 2015"]
[Source "ChessBase"]
[SourceDate "2014.11.20"]
[SourceVersion "1"]
[SourceVersionDate "2014.11.20"]
[SourceQuality "1"]

1. e4 e5 2. Nf3 Nc6 3. d4 exd4 4. Bc4 d6 5. h3 Nf6 6. 0-0 Be7 7. Re1 0-0 8. Bg5 Be6 9. Bb3 Qd7 10. Nbd2 h6 11. Bh4 b5 12. c3 dxc3 13. bxc3 Rfe8 14. Bxe6 fxe6 15. Qb3 Rab8 16. Rad1 b4 17. c4 Nh5 18. Bxe7 Rxe7 19. Nf1 Nf4 20. c5 Rb5 21. cxd6 cxd6 22. e5 Qe8 23. exd6 Rd7 24. Nd4 Qg6 25. Ng3 h5 26. h4 Nxd4 27. Rxd4 Rf5 28. Qxb4 Rf6 29. Rxf4 Rxf4 30. Qxf4 Rf7 31. Qd4 Rd7 32. Ne4 Qf7 33. Rd1 Kf8 34. Nc5 Rd8 35. d7 a6 36. Nb7 Rxd7 37. Qxd7 Qxd7 38. Rxd7 Ke8 39. Rxg7 e5 40. Kf1 e4 41. Nd6+ Kd8 42. Nxe4 Ke8 43. Ke2 a5 44. Kd3 a4 45. Kc3 a3 46. Kb3 Kf8 47. Rb7 Ke8 48. Kxa3 Kd8 49. Kb4 Kc8 50. Rh7 Kb8 51. a4 Ka8 52. a5 Kb8 53. a6 Ka8 54. Kb5 Kb8 55. Kb6 Kc8 56. a7 Kd8 57. a8R# 1-0

[Event "CZE-ch U10 Girls"]
[White "Dvorakova, Olga"]
[Black "Maresova, Michaela"]
[Site "Kouty nad Desnou"]
[Round "4"]
[Result "1-0"]
[Date "2014.03.11"]
[WhiteElo "1245"]
[BlackElo "1202"]
[PlyCount "147"]
[EventDate "2014.03.08"]
[EventType "swiss"]
[EventRounds "9"]
[EventCountry "CZE"]
[SourceTitle "EXT 2015"]
[Source "ChessBase"]
[SourceDate "2014.11.20"]
[SourceVersion "1"]
[SourceVersionDate "2014.11.20"]
[SourceQuality "1"]

1. e4 e5 2. Nf3 Nc6 3. Bc4 Nf6 4. d3 Be7 5. Bg5 h6 6. Bh4 g5 7. Bg3 d6 8. h3 a6 9. c3 b5 10. Bb3 a5 11. Nbd2 a4 12. Bc2 Be6 13. d4 exd4 14. cxd4 d5 15. Rc1 dxe4 16. Nxe4 Ra6 17. Bd3 Rb6 18. Nxf6+ Bxf6 19. Be4 Bd7 20. Qe2 Kf8 21. d5 Nd4 22. Nxd4 Bxd4 23. Bxc7 Qe8 24. Bxb6 Bxb6 25. 0-0 Bf5 26. Bf3 Qxe2 27. Bxe2 b4 28. Rc4 b3 29. Rxa4 bxa2 30. Rxa2 Kg7 31. b4 Rb8 32. Rd1 Kf8 33. b5 Ke8 34. Ra6 Bc8 35. Ra4 Kd8 36. Kf1 Bf5 37. Bd3 Bc8 38. Ke2 Kd7 39. Bf5+ Kd8 40. Bxc8 Kxc8 41. Ra2 Kd7 42. Kf3 Bc5 43. Rb2 Bb6 44. Ke4 Re8+ 45. Kf5 Rc8 46. Kf6 Rf8 47. Kg7 Re8 48. Kxf7 Re7+ 49. Kg6 Re5 50. Kxh6 Kd6 51. f3 Kd7 52. Kg6 Kd6 53. Kf6 Bd8+ 54. Kg6 Bb6 55. Rc2 Kd7 56. Kf6 Re8 57. Kxg5 Bd8+ 58. Kf5 Rf8+ 59. Ke4 Re8+ 60. Kd3 Bg5 61. Re2 Rxe2 62. Kxe2 Bd8 63. f4 Ke7 64. g4 Kf7 65. d6 Ke8 66. d7+ Ke7 67. g5 Kf7 68. Rd6 Kg7 69. Re6 Kh7 70. Re8 Kg6 71. Rxd8 Kf7 72. Re8 Kg6 73. d8Q Kf7 74. Qf6+ 1-0